ندوة تاريخ الطباعة العربية حتى انتهاء القرن التاسع عشر 28 - 29 جمادى الاولى 1416هـ 22 - 23 اكتوبر تشرين الاول 1995م الوقائع والبحوث التى القيت فيها / (Record no. 52337)
[ view plain ]
| 000 -الفاتح | |
|---|---|
| حقل البيانات ثابتة الطول | 00836nam a2200193Ia 4500 |
| 008 - عناصر البيانات ثابتة الطول - معلومات عامة | |
| حقل البيانات ثابتة الطول | 140319s9999 xx 000 0 ara d |
| 040 ## - مصدر الفهرسة | |
| وكالة الفهرسة الأصلية | GCL / |
| وكالة النسخ | GCL |
| 082 04 - رقم تصنيف ديوى العشرى | |
| رقم التصنيف | 686.21109 |
| رقم المادة | م ن |
| 100 1# - المدخل الرئيسى - إسم شخصى | |
| الإسم الشخصى | منشورات المجمع الثقافى |
| 245 10 - بيان العنوان | |
| العنوان | ندوة تاريخ الطباعة العربية حتى انتهاء القرن التاسع عشر 28 - 29 جمادى الاولى 1416هـ 22 - 23 اكتوبر تشرين الاول 1995م الوقائع والبحوث التى القيت فيها / |
| بيان المسئوليه,etc | منشورات المجمع الثقافى |
| 300 ## - الوصف المادى | |
| التعداد | 445 ص |
| 490 ## - بيان السلسلة | |
| عنوان السلسلة | منشورات المجمع الثقافى |
| رقم المجلد/ التعيين التسلسلي | 0 |
| 650 04 - المدخل الاضافى بالموضوع-مصطلح موضوعى | |
| مصطلح موضوعي | الطباعة |
| 650 04 - المدخل الاضافى بالموضوع-مصطلح موضوعى | |
| مصطلح موضوعي | الطباعة - تاريخ |
| 650 04 - المدخل الاضافى بالموضوع-مصطلح موضوعى | |
| مصطلح موضوعي | المهاديات |
| 650 04 - المدخل الاضافى بالموضوع-مصطلح موضوعى | |
| مصطلح موضوعي | الطباعة العربية - تاريخ |
| 942 ## - عناصر المدخل الإضافي( كوها) | |
| مصدر التصنيف او مخطط الترفيف | Dewey Decimal Classification |
| Koha [default] item type | كتاب |
| حالة التراجع | حالة الفقد | حالة تلف | ليس للاعارة | المكان المؤقت | الموقع الحالى | تاريخ الاكتساب | اجمالي اﻻعارات | رقم الطلب | الباركود | تاريخ اخر مشاهدة | تاريخ تفعيل السعر | نوع وعاء كوها |
|---|---|---|---|---|---|---|---|---|---|---|---|---|
| مكتبة القاهرة الكبرى | مكتبة القاهرة الكبرى | 03/26/2014 | 686.21109\م ن | 125274 | 03/26/2014 | 03/26/2014 | كتاب |

